Дистанционные методы геологических исследований, прогнозирования и поисков месторождений полезных ископаемых: учебное пособие

গ্রন্থ-পঞ্জীর বিবরন
প্রধান লেখক: Поцелуев А. А. Анатолий Алексеевич
সংস্থা লেখক: Национальный исследовательский Томский политехнический университет (ТПУ)
অন্যান্য লেখক: Ананьев Ю. С. Юрий Сергеевич, Житков В. Г. Владимир Георгиевич
সংক্ষিপ্ত:Изложены физические основы и современное состояние дистанционных методов геологических исследований, включая группы космических и воздушных методов. Рассмотрены физические основы методов, обработка и анализ данных, проявленность различных объектов, процессов и их основных характеристик в данных дистанционного зондирования, возможности применения и комплексирование методов для решения широкого круга геологических задач. Приведены примеры использования материалов мультиспектральных и радарных космических съемок при геологическом картировании, прогнозировании и поисках месторождений полезных ископаемых. Для аспирантов, студентов вузов, слушателей ФПК и специалистов, занимающихся вопросами геологических исследований, прогнозирования и поисков месторождений полезных ископаемых.
ভাষা:রুশ
প্রকাশিত: Томск, Изд-во ТПУ, 2019
সংস্করন:3-е изд.
বিষয়গুলি:
বিন্যাস: গ্রন্থ
KOHA link:https://koha.lib.tpu.ru/cgi-bin/koha/opac-detail.pl?biblionumber=343199

MARC

LEADER 00000nam0a2200000 4500
001 343199
005 20231220105835.0
010 |a 9785604274507 
035 |a (RuTPU)RU\TPU\book\373044 
035 |a RU\TPU\book\327286 
090 |a 343199 
100 |a 20190712d2019 m y0rusy50 ca 
101 0 |a rus 
102 |a RU 
105 |a a j 001zy 
200 1 |a Дистанционные методы геологических исследований, прогнозирования и поисков месторождений полезных ископаемых  |e учебное пособие  |f А. А. Поцелуев, Ю. С. Ананьев, В. Г. Житков  |g Национальный исследовательский Томский политехнический университет (ТПУ) 
205 |a 3-е изд. 
210 |a Томск  |c Изд-во ТПУ  |d 2019 
215 |a 192 с.  |c ил. 
320 |a Библиогр.: с. 184-188 
320 |a Принятые сокращения: с. 189 
330 |a Изложены физические основы и современное состояние дистанционных методов геологических исследований, включая группы космических и воздушных методов. Рассмотрены физические основы методов, обработка и анализ данных, проявленность различных объектов, процессов и их основных характеристик в данных дистанционного зондирования, возможности применения и комплексирование методов для решения широкого круга геологических задач. Приведены примеры использования материалов мультиспектральных и радарных космических съемок при геологическом картировании, прогнозировании и поисках месторождений полезных ископаемых. Для аспирантов, студентов вузов, слушателей ФПК и специалистов, занимающихся вопросами геологических исследований, прогнозирования и поисков месторождений полезных ископаемых. 
451 1 |0 (RuTPU)RU\TPU\book\205093  |y 978-5-93629-395-5  |t Дистанционные методы геологических исследований и поисков месторождений полезных ископаемых  |o учебное пособие  |f А. А. Поцелуев, Ю. С. Ананьев, В. Г. Житков  |g Томский политехнический университет (ТПУ)  |c Томск  |n STT  |d 2010  |p 284 с.  |a Поцелуев, Анатолий Алексеевич 
452 1 |0 (RuTPU)RU\TPU\book\248222  |t Дистанционные методы геологических исследований, прогнозирования и поисков месторождений полезных ископаемых  |o учебное пособие  |f А. А. Поцелуев, Ю. С. Ананьев, В. Г. Житков  |g Национальный исследовательский Томский политехнический университет (ТПУ)  |e 2-е изд.  |c Томск  |n Изд-во ТПУ  |d 2012  |a Поцелуев, Анатолий Алексеевич 
606 1 |a Геологические исследования  |x Дистанционные методы  |2 stltpush  |3 (RuTPU)RU\TPU\subj\70226  |9 84636 
610 1 |a дистанционные исследования 
610 1 |a космические методы 
610 1 |a аэрометоды 
610 1 |a рудоносные площади 
610 1 |a космогеологические структуры 
610 1 |a Рудный Алтай 
610 1 |a труды учёных ТПУ 
610 1 |a полезные ископаемые 
610 1 |a учебные пособия 
675 |a 550.814(075.8)  |v 3 
700 1 |a Поцелуев  |b А. А.  |c геолог  |c профессор Томского политехнического университета, доктор геолого-минералогических наук  |f 1952-  |g Анатолий Алексеевич  |3 (RuTPU)RU\TPU\pers\26071 
701 1 |a Ананьев  |b Ю. С.  |c российский геолог  |c доцент Томского политехнического университета, кандидат геолого-минералогических наук  |f 1966-  |g Юрий Сергеевич  |3 (RuTPU)RU\TPU\pers\26228  |4 070  |9 12016 
701 1 |a Житков  |b В. Г.  |c российский геолог  |c доцент Томского политехнического университета, кандидат геолого-минералогических наук  |f 1958-  |g Владимир Георгиевич  |3 (RuTPU)RU\TPU\pers\26229  |4 070 
712 0 2 |a Национальный исследовательский Томский политехнический университет (ТПУ)  |c (2009- )  |3 (RuTPU)RU\TPU\col\15902 
801 1 |a RU  |b 63413507  |c 20101215 
801 2 |a RU  |b 63413507  |c 20190905  |g RCR 
942 |c BK